غاية المريد في علم التجويد / (رقم التسجيلة. 28620)

تفاصيل مارك
000 -الفاتح
عناصر البيانات ثابتة الطول 00668cam a2200181 i 4500
005 - تاريخ ووقت آخر معاملة
حقل ضبط 20251123092523.0
008 - عناصر البيانات ثابتة الطول
عناصر البيانات ثابتة الطول 250721b9999 ua gr 000 0 ara d
082 14 - رقم تصنيف ديوي العشري
رقم التصنيف 211.2
رقم المادة ن ص ر
100 1# - مدخل رئيسي – اسم شخصي
الاسم الشخصي نصر، عطية قابل
علاقة الشخص بالعمل/ دوره مؤلف.
245 10 - بيان العنوان
العنوان غاية المريد في علم التجويد /
بيان المسؤولية تأليف خادم القرآن الكرم عطية قابل نصر.
250 ## - بيان الطبعة
بيان الطبعة الطبعة الخامسة.
264 31 - بيانات النشر، التوزيع…إلخ
مكان النشر، التوزيع...إلخ القاهرة :
اسم الناشر، الموزع...إلخ عطية قابل نصر،
تاريخ النشر، التوزيع...إلخ [بين 1900و 1999].
300 ## - الوصف المادي
عدد الوحدات المكونة للوعاء 303صفحة.
650 17 - مدخل إضافي بالموضوع - مصطلح موضوعي
مصطلح موضوعي أو اسم جغرافي كعنصر مدخل العلوم القرآنية.
650 17 - مدخل إضافي بالموضوع - مصطلح موضوعي
مصطلح موضوعي أو اسم جغرافي كعنصر مدخل أحكام التجويد.
942 ## - بيانات إضافية (كوها)
نوع التنصيف Dewey Decimal Classification
نوع المادة (كوها) كتب
المقتنيات
حالة السحب حالة الفقدان مصدر التصنيف حالة التلف غير قابل للإعارة المكتبة الرئيسية المكتبة الحالية موقع الرف تاريخ التزويد الرقم المتسلسل Total Checkouts رقم الإستدعاء تاريخ آخر ظهور تاريخ الفاتورة نوع المادة (كوها) الباركود العملة
    Dewey Decimal Classification     المكتبة المركزية المكتبة المركزية الإعارة 23/11/2025 444243   211.2 / ن ص ر 23/11/2025 23/11/2025 كتب 444243 JOD
    Dewey Decimal Classification     مكتبة أبو علندا العامة مكتبة أبو علندا العامة الإعارة 28/07/2025 444263   211.2/نصر 28/07/2025 28/07/2025 كتب 444263  
    Dewey Decimal Classification Unchecked   مكتبة أم قصير والمقابلين العامة مكتبة أم قصير والمقابلين العامة الإعارة 28/07/2025 444262   211.2/نصر 28/07/2025 28/07/2025 كتب    
    Dewey Decimal Classification     مكتبة الأميرة ايمان العامة مكتبة الأميرة ايمان العامة الإعارة 06/07/2004 444253   211.2/نصر 28/07/2025 06/07/2004 كتب 444253  
    Dewey Decimal Classification Unchecked   مكتبة الجويدة مكتبة الجويدة الإعارة 06/07/2004 444258   211.2/نصر 28/07/2025 06/07/2004 كتب    
    Dewey Decimal Classification     مكتبة الحسن العامة مكتبة الحسن العامة الإعارة 06/07/2004 444259   211.2/نصر 28/07/2025 06/07/2004 كتب 444259  
    Dewey Decimal Classification     مكتبة النصر العامة مكتبة النصر العامة الإعارة 28/07/2025 444254   211.2/نصر 28/07/2025 28/07/2025 كتب 444254  
    Dewey Decimal Classification     مكتبة حمزة العامة مكتبة حمزة العامة الإعارة 06/07/2004 444360   211.2/نصر 28/07/2025 06/07/2004 كتب DUP-02_444360  
    Dewey Decimal Classification     مكتبة صويلح العامة مكتبة صويلح العامة الإعارة 06/07/2004 444255   211.2/نصر 28/07/2025 06/07/2004 كتب 444255  
Implemented & Customized by: BBB with SCIT (Smart Chains for Information Technology)

Powered by Koha